| Поле | Инд. | ПП | Название | Значение |
|---|---|---|---|---|
| Тип записи | a | |||
| Библиографический уровень | b | |||
| 001 | Контрольный номер | RU/IS/BASE/285788928 | ||
| 005 | Дата корректировки | 20220420085403.7 | ||
| 008 | Кодируемые данные | 20090120 | ||
| 084 | a | Индекс другой классификации/Индекс ББК | 65.0113.6 | |
| 100 | 1_ | a | Автор | Хайтун С. |
| 245 | a | Заглавие | Постиндустриальное общество: станет ли эта западная модель будущим всего мира? | |
| 500 | a | Примечание | Примечание | |
| 650 | a | Основная рубрика | экономика | |
| a | Основная рубрика | экономическая теория | ||
| 653 | a | Ключевые слова | бедность | |
| a | Ключевые слова | благосостояние | ||
| a | Ключевые слова | богатство | ||
| a | Ключевые слова | Восток | ||
| a | Ключевые слова | высокие технологии | ||
| a | Ключевые слова | духовные ценности | ||
| a | Ключевые слова | Запад | ||
| a | Ключевые слова | знание | ||
| a | Ключевые слова | информационная революция | ||
| a | Ключевые слова | источники энергии | ||
| a | Ключевые слова | кейнсианство | ||
| a | Ключевые слова | материальные ценности | ||
| a | Ключевые слова | мировая экономика | ||
| a | Ключевые слова | монетаризм | ||
| a | Ключевые слова | мораль | ||
| a | Ключевые слова | наемный труд | ||
| a | Ключевые слова | новое общество | ||
| a | Ключевые слова | постиндустриальное общество | ||
| a | Ключевые слова | социальная эволюция | ||
| a | Ключевые слова | социальное государство | ||
| a | Ключевые слова | сфера услуг | ||
| a | Ключевые слова | теория модернизации | ||
| a | Ключевые слова | трудовые ресурсы | ||
| a | Ключевые слова | уровень жизни | ||
| a | Ключевые слова | уровень заработной платы | ||
| a | Ключевые слова | цивилизация | ||
| a | Ключевые слова | человеческий капитал | ||
| a | Ключевые слова | Юг | ||
| 773 | t | Заглавие источника | Общество и экономика | |
| d | Дата издания источника | 2008 | ||
| g | Прочая информация | № 9. - С. 100 - 124 | ||
| w | Контрольный № источника | RU/IS/BASE/282915628 | ||
| 901 | t | Тип документа | b |